[Event "Plzen, FSB A"]
[Site "?"]
[Date "2001.??.??"]
[Round "8.9"]
[White "Cioara, A."]
[Black "Hrbolka jr., L."]
[Result "1-0"]
[WhiteElo "2403"]
[BlackElo "2197"]
[PlyCount "49"]
[EventDate "2000.??.??"]
[Source "ChessBase"]
[SourceDate "1996.11.15"]

1. e4 c5 2. Nf3 d6 3. d4 cxd4 4. Nxd4 Nf6 5. Nc3 Nc6 6. Bc4 Qb6 7. Nb3 e6 8.
Bf4 Ne5 9. Be2 Bd7 10. O-O Be7 11. Be3 Qc7 12. Nd2 h5 13. h3 a6 14. a4 Bc6 15.
f4 Ned7 16. a5 h4 17. Bf3 b5 18. axb6 Nxb6 19. Qe2 Bb7 20. e5 dxe5 21. Bxb7
Qxb7 22. fxe5 Nfd7 23. Bd4 Nd5 24. Nce4 g5 25. Nc4 1-0

[Event "Plzen, FSB A"]
[Site "?"]
[Date "2001.??.??"]
[Round "8.10"]
[White "Dolezal, R."]
[Black "Porat, S."]
[Result "1/2-1/2"]
[WhiteElo "2390"]
[BlackElo "2230"]
[PlyCount "47"]
[EventDate "2000.??.??"]
[Source "ChessBase"]
[SourceDate "1996.11.15"]

1. e4 c5 2. c3 d5 3. exd5 Qxd5 4. d4 Nf6 5. Nf3 Bg4 6. Nbd2 Nc6 7. Bc4 Bxf3 8.
Qxf3 Qxf3 9. Nxf3 cxd4 10. Nxd4 Nxd4 11. cxd4 Rc8 12. Bb5+ Kd8 13. Bg5 Nd5 14.
Kd2 h6 15. Be3 e6 16. Rhc1 Bb4+ 17. Ke2 Ke7 18. a3 Bd6 19. Kf3 Rc7 20. Rxc7+
Bxc7 21. Rd1 Bb6 22. Bc4 Rd8 23. Bb3 Rd7 24. Ke2 1/2-1/2

[Event "Plzen, FSB A"]
[Site "?"]
[Date "2001.??.??"]
[Round "8.11"]
[White "Chytilek, R."]
[Black "Krapivin, V."]
[Result "1-0"]
[WhiteElo "2411"]
[BlackElo "2339"]
[PlyCount "67"]
[EventDate "2000.??.??"]
[Source "ChessBase"]
[SourceDate "1996.11.15"]

1. Nf3 Nf6 2. c4 g6 3. b4 Bg7 4. Bb2 O-O 5. g3 d6 6. d3 e5 7. Nbd2 Nh5 8. Qc2
f5 9. Bg2 a5 10. b5 Nd7 11. a4 Qe7 12. e3 Rf7 13. Bc3 Ra7 14. Nb3 b6 15. Nfd2
Kh8 16. O-O-O Bb7 17. Bxb7 Rxb7 18. Kb2 Nc5 19. Nxc5 dxc5 20. Rhe1 Rb8 21. f4
exf4 22. exf4 Bxc3+ 23. Qxc3+ Qf6 24. Nf3 Qxc3+ 25. Kxc3 Ng7 26. Ne5 Kg8 27.
Nxf7 Kxf7 28. d4 Ne6 29. d5 Ng7 30. d6 cxd6 31. Rxd6 Rb7 32. Red1 Ke7 33. Rc6
Ne8 34. Re1+ 1-0

[Event "Plzen, FSB A"]
[Site "?"]
[Date "2001.??.??"]
[Round "8.12"]
[White "Nun, J."]
[Black "Plasgura, P."]
[Result "0-1"]
[WhiteElo "2389"]
[BlackElo "2234"]
[PlyCount "46"]
[EventDate "2000.??.??"]
[Source "ChessBase"]
[SourceDate "1996.11.15"]

1. e4 e6 2. d4 d5 3. e5 c5 4. c3 Nc6 5. Nf3 Qc7 6. a3 a5 7. Bd3 a4 8. Bc2 b5 9.
dxc5 Nxe5 10. Nd4 Bd7 11. Bf4 Bxc5 12. Qe2 Nd3+ 13. Bxd3 Qxf4 14. O-O Nf6 15.
Nf3 O-O 16. Nbd2 Bd6 17. g3 Qh6 18. Nd4 Rae8 19. Nxb5 Bb8 20. c4 e5 21. cxd5 e4
22. Bc4 Ng4 23. h4 e3 0-1

[Event "Plzen, FSB A"]
[Site "?"]
[Date "2001.??.??"]
[Round "8.14"]
[White "Balin, J."]
[Black "Chudinovskich, A."]
[Result "1-0"]
[WhiteElo "2212"]
[BlackElo "2362"]
[PlyCount "55"]
[EventDate "2000.??.??"]
[Source "ChessBase"]
[SourceDate "1996.11.15"]

1. d4 Nf6 2. g3 c5 3. d5 e6 4. c4 exd5 5. cxd5 d6 6. Nc3 g6 7. Bg2 Bg7 8. Nf3
O-O 9. O-O a6 10. a4 Nbd7 11. e4 Ne5 12. Nxe5 dxe5 13. h3 Ne8 14. Be3 b6 15. a5
bxa5 16. Bxc5 Nd6 17. Qa4 Rb8 18. b3 Qf6 19. Rab1 Rd8 20. Qxa5 Nb7 21. Qc7 Bd7
22. Ba7 Rbc8 23. Qxb7 Rxc3 24. Rbc1 Rxc1 25. Rxc1 Bh6 26. Rc7 Bb5 27. Bc5 Bd2
28. Be7 1-0

[Event "Plzen, FSB A"]
[Site "?"]
[Date "2001.??.??"]
[Round "8.15"]
[White "Rodkin, R."]
[Black "Chrz, P."]
[Result "0-1"]
[WhiteElo "2314"]
[BlackElo "2151"]
[PlyCount "82"]
[EventDate "2000.??.??"]
[Source "ChessBase"]
[SourceDate "1996.11.15"]

1. d4 Nf6 2. Nf3 b5 3. e3 a6 4. a4 b4 5. Bd3 Bb7 6. O-O e6 7. c4 c5 8. Nbd2 d5
9. cxd5 exd5 10. Ne5 cxd4 11. exd4 Bd6 12. Ndf3 Ne4 13. Ne1 Nd7 14. Nxd7 Qxd7
15. Qh5 O-O-O 16. Nf3 g6 17. Qh6 Rde8 18. Ne5 Qe6 19. Be3 Kb8 20. f3 Nc5 21.
Bc2 Nd7 22. f4 f5 23. a5 Nf6 24. Bd2 Ne4 25. Be1 Rc8 26. Ba4 Rc7 27. h4 Bf8 28.
Qxf8+ Rxf8 29. Bxb4 Rfc8 30. Kh2 h6 31. Rf3 g5 32. Raf1 g4 33. Re3 g3+ 34. Kg1
Qf6 35. Nf3 Rc4 36. Rb3 Ka8 37. Rd1 Rc1 38. Rc3 Rxd1+ 39. Bxd1 Rxc3 40. Bxc3
Bc6 41. Bb3 Kb7 0-1

[Event "Plzen, FSB A"]
[Site "?"]
[Date "2001.??.??"]
[Round "8.16"]
[White "Folk, P."]
[Black "Vaculik, M."]
[Result "1-0"]
[WhiteElo "2289"]
[BlackElo "2144"]
[PlyCount "136"]
[EventDate "2000.??.??"]
[Source "ChessBase"]
[SourceDate "1996.11.15"]

1. e4 e6 2. d3 c5 3. Nf3 Nc6 4. g3 g6 5. d4 Bg7 6. dxc5 Qa5+ 7. Nbd2 Qxc5 8.
Nc4 d5 9. exd5 exd5 10. Be3 d4 11. Bf4 Be6 12. Nd6+ Kf8 13. Bg2 Rd8 14. Ne4
Qb4+ 15. Bd2 Qxb2 16. Rb1 Qxa2 17. Rxb7 Nge7 18. O-O h6 19. Nc5 Bc8 20. Rb3 Kg8
21. Ne1 Ne5 22. Ned3 Nxd3 23. cxd3 Nd5 24. Qc1 Nc3 25. Re1 Qa5 26. Nb7 Bxb7 27.
Rxb7 Qf5 28. Be4 Qh5 29. Qb2 Kh7 30. Rxf7 Rhf8 31. Bf3 Qb5 32. Qxb5 Nxb5 33.
Rxf8 Rxf8 34. Bc6 Nc3 35. Re7 a5 36. Ra7 Rf5 37. Kg2 Rc5 38. Be8 Re5 39. Bf7 g5
40. Ra6 Re2 41. Bg6+ Kg8 42. Bc1 Ra2 43. Ra7 Nb5 44. Rb7 Rc2 45. Bxg5 Nd6 46.
Rb8+ Rc8 47. Rxc8+ Nxc8 48. Bd2 a4 49. Bf5 Nb6 50. Be6+ Kf8 51. Bb4+ Ke8 52.
Kf3 Nd7 53. Ke2 Ne5 54. f4 Nc6 55. Ba3 Bf8 56. Bd5 Bxa3 57. Bxc6+ Kf7 58. Bxa4
Kf6 59. Kf3 Bc5 60. Ke4 Bb6 61. g4 Bc7 62. h4 Bb6 63. g5+ hxg5 64. hxg5+ Kg6
65. Be8+ Kg7 66. f5 Kf8 67. Bh5 Bd8 68. f6 Bb6 1-0

[Event "Plzen, FSB A"]
[Site "?"]
[Date "2001.??.??"]
[Round "8.17"]
[White "Jedlicka, A."]
[Black "Lahner, J."]
[Result "1/2-1/2"]
[WhiteElo "2253"]
[BlackElo "2142"]
[PlyCount "90"]
[EventDate "2000.??.??"]
[Source "ChessBase"]
[SourceDate "1996.11.15"]

1. d4 Nf6 2. Nf3 e6 3. c4 b6 4. g3 Ba6 5. Nbd2 c5 6. e4 cxd4 7. e5 Ng8 8. Bg2
Bb7 9. O-O d6 10. exd6 Bxd6 11. Nxd4 Bxg2 12. Kxg2 Nf6 13. Qf3 Nbd7 14. Nb5 Be5
15. Qa3 a6 16. Nd6+ Bxd6 17. Qxd6 Qe7 18. Qxe7+ Kxe7 19. a4 a5 20. Nf3 Rhc8 21.
b3 Nc5 22. Nd4 Ke8 23. Nb5 Ke7 24. Ba3 Rd8 25. Rad1 Ne8 26. Nd4 Rd6 27. Rfe1
Kf8 28. Nb5 Rdd8 29. Rxd8 Rxd8 30. Re5 Rc8 31. b4 Nd7 32. bxa5+ Kg8 33. Re4
bxa5 34. c5 Nef6 35. Rd4 h6 36. Nd6 Rc7 37. Rc4 Ne5 38. Rc2 Nd5 39. Rb2 Nc6 40.
Rb3 Ncb4 41. Ne4 f5 42. Nc3 Rxc5 43. Nxd5 Rxd5 44. Bxb4 axb4 45. Rxb4 Rd3
1/2-1/2

[Event "Plzen, FSB A"]
[Site "?"]
[Date "2001.??.??"]
[Round "8.18"]
[White "Tuzil, V."]
[Black "Novak, P."]
[Result "1/2-1/2"]
[WhiteElo "1992"]
[BlackElo "2237"]
[PlyCount "29"]
[EventDate "2000.??.??"]
[Source "ChessBase"]
[SourceDate "1996.11.15"]

1. f4 Nf6 2. Nf3 g6 3. b3 Bg7 4. Bb2 O-O 5. e3 d6 6. Bc4 c6 7. a4 Qa5 8. O-O
Nbd7 9. Bc3 Qc7 10. Qe1 Nb6 11. Be2 Nbd5 12. Bb2 Bg4 13. Na3 a6 14. h3 Bxf3 15.
Bxf3 1/2-1/2

[Event "Plzen, FSB A"]
[Site "?"]
[Date "2001.??.??"]
[Round "8.19"]
[White "Bartos, J."]
[Black "Scheidt, K."]
[Result "0-1"]
[WhiteElo "2229"]
[BlackElo "2123"]
[PlyCount "70"]
[EventDate "2000.??.??"]
[Source "ChessBase"]
[SourceDate "1996.11.15"]

1. d4 g6 2. c4 Bg7 3. e4 Nc6 4. Be3 e5 5. d5 Nd4 6. Ne2 c5 7. dxc6 dxc6 8. Nxd4
exd4 9. Bf4 Nf6 10. Bd3 O-O 11. O-O Re8 12. f3 Nh5 13. Bd2 Qc7 14. f4 Nf6 15.
Qf3 Qb6 16. b4 c5 17. b5 a6 18. a4 axb5 19. cxb5 c4 20. Bxc4 Nxe4 21. Ra3 Nxd2
22. Nxd2 Re3 23. Bxf7+ Kxf7 24. Rxe3 dxe3 25. Nc4 Qc5 26. Ne5+ Kf8 27. Kh1 Rxa4
28. Qd1 Rd4 29. Qb3 Rd5 30. Nd3 Qd4 31. Qa3+ Kg8 32. Rc1 Bd7 33. Ne1 Qxf4 34.
Nf3 e2 35. Qb3 Qxc1+ 0-1

[Event "Plzen, FSB A"]
[Site "?"]
[Date "2001.??.??"]
[Round "8.20"]
[White "Vales, V."]
[Black "Bender, I."]
[Result "1/2-1/2"]
[WhiteElo "2159"]
[BlackElo "2183"]
[PlyCount "92"]
[EventDate "2000.??.??"]
[Source "ChessBase"]
[SourceDate "1996.11.15"]

1. d4 Nf6 2. c4 e6 3. Nf3 b6 4. a3 Ba6 5. Qc2 d5 6. cxd5 exd5 7. Bg5 Be7 8.
Nbd2 O-O 9. e3 Bxf1 10. Nxf1 h6 11. Bxf6 Bxf6 12. Ng3 g6 13. O-O h5 14. Rfd1
Re8 15. Ne2 Qd6 16. Nf4 Kg7 17. b4 c6 18. Rac1 a5 19. Nd3 Re7 20. Nfe5 Bxe5 21.
Nxe5 Re6 22. Nd3 Nd7 23. Qb2 b5 24. Nc5 Nxc5 25. Rxc5 Ra6 26. a4 axb4 27. axb5
cxb5 28. Qxb4 Qb8 29. Rxd5 Reb6 30. Rb1 Ra4 31. Qb3 Qb7 32. h3 Ra3 33. Qxa3
Qxd5 34. Qb4 Rb7 35. g3 h4 36. Qc5 Qe4 37. Rxb5 Rxb5 38. Qxb5 hxg3 39. Qe5+
Qxe5 40. dxe5 gxf2+ 41. Kxf2 Kf8 42. Kf3 Ke7 43. Ke4 Ke6 44. Kd4 Kf5 45. Kd5 g5
46. Kd4 g4 1/2-1/2

[Event "Plzen, FSB A"]
[Site "?"]
[Date "2001.??.??"]
[Round "8.21"]
[White "Galicek, S."]
[Black "Seeger, W."]
[Result "1-0"]
[WhiteElo "2172"]
[BlackElo "2150"]
[PlyCount "117"]
[EventDate "2000.??.??"]
[Source "ChessBase"]
[SourceDate "1996.11.15"]

1. d4 d5 2. c4 e6 3. Nc3 c5 4. cxd5 cxd4 5. Qxd4 Nc6 6. Qd1 exd5 7. Qxd5 Be6 8.
Qxd8+ Rxd8 9. e3 a6 10. Be2 Nb4 11. Kf1 Nf6 12. Nf3 Bc5 13. Bd2 Nd3 14. Bxd3
Rxd3 15. h3 O-O 16. Kg1 Rfd8 17. Be1 b5 18. Ne5 R3d6 19. Rc1 Bb6 20. Kh2 Rc8
21. a3 Rdd8 22. Ne2 Rxc1 23. Nxc1 Bc7 24. f4 Bxe5 25. fxe5 Ne4 26. Ne2 Rd3 27.
Nf4 Rxe3 28. Nxe6 fxe6 29. Bb4 h5 30. Rc1 Re2 31. Rc6 Ng5 32. h4 Nf3+ 33. Kg3
Nd4 34. Rxa6 Rxe5 35. Kf4 Re2 36. g3 Kh7 37. Bc3 Nf5 38. Ra7 Kg6 39. Kf3 Rh2
40. Ra6 Kf7 41. Rb6 Rh1 42. Kg2 Rc1 43. Rxb5 g6 44. Rb7+ Ke8 45. a4 Ne3+ 46.
Kf3 Nd5 47. Bd2 Ra1 48. a5 Kd8 49. b4 Kc8 50. Rg7 Ra2 51. Be1 Ra1 52. Ke2 Nc7
53. Bf2 Nd5 54. Bc5 Ra4 55. Rxg6 Nxb4 56. Bxb4 Rxb4 57. Rxe6 Rb5 58. a6 Kd7 59.
Rh6 1-0

[Event "Plzen, FSB A"]
[Site "?"]
[Date "2001.??.??"]
[Round "8.22"]
[White "Porat, D."]
[Black "Falout, L."]
[Result "1-0"]
[WhiteElo "2145"]
[BlackElo "2163"]
[PlyCount "75"]
[EventDate "2000.??.??"]
[Source "ChessBase"]
[SourceDate "1996.11.15"]

1. d4 Nf6 2. c4 e6 3. Nf3 Bb4+ 4. Nbd2 O-O 5. a3 Bxd2+ 6. Qxd2 Ne4 7. Qc2 d5 8.
e3 b6 9. Bd3 f5 10. O-O Ba6 11. b4 c6 12. a4 Bxc4 13. Bxc4 dxc4 14. Qxc4 Qd5
15. Qc2 Nd7 16. Bb2 a5 17. Rfc1 Rfc8 18. b5 c5 19. dxc5 Rxc5 20. Qe2 Rxc1+ 21.
Rxc1 Ndc5 22. Rc4 Qd3 23. Qxd3 Nxd3 24. Bd4 Nec5 25. Ne5 Nxe5 26. Bxe5 Rd8 27.
h3 Rd1+ 28. Kh2 Nd7 29. Rc8+ Kf7 30. Rc7 Rd5 31. Bd4 Ke8 32. Rc6 Nc5 33. Bxc5
Rxc5 34. Rxe6+ Kf7 35. Rxb6 Rc4 36. Ra6 Rxa4 37. b6 Rb4 38. Rxa5 1-0

[Event "Plzen, FSB A"]
[Site "?"]
[Date "2001.??.??"]
[Round "8.23"]
[White "Vavrinec, T."]
[Black "Siktanc, P."]
[Result "1/2-1/2"]
[WhiteElo "1953"]
[BlackElo "2129"]
[PlyCount "87"]
[EventDate "2000.??.??"]
[Source "ChessBase"]
[SourceDate "1996.11.15"]

1. c4 g6 2. Nc3 Bg7 3. d4 d6 4. e4 Nc6 5. Be3 e5 6. dxe5 dxe5 7. Qxd8+ Kxd8 8.
Nge2 Nf6 9. O-O-O+ Bd7 10. g3 Kc8 11. f3 Be6 12. Nd5 Re8 13. h4 Nb8 14. Bh3
Bxh3 15. Rxh3 Nbd7 16. Nec3 c6 17. Nxf6 Bxf6 18. h5 Kc7 19. hxg6 hxg6 20. Rh7
Re7 21. Rh2 Ree8 22. Kc2 Rh8 23. Rdh1 Rxh2+ 24. Rxh2 Rh8 25. Rxh8 Bxh8 26. Kd3
Bg7 27. b3 Bf8 28. Na4 b6 29. Kc3 a5 30. Kd2 Bb4+ 31. Kc2 Be1 32. g4 Bb4 33.
Bf2 b5 34. cxb5 cxb5 35. Nc3 Bxc3 36. Kxc3 Kc6 37. Be3 Nf8 38. Kd3 Ne6 39. Kc3
f6 40. Kd3 Nc7 41. Bd2 Kb6 42. Be3+ Kc6 43. Bd2 Kb6 44. Be3+ 1/2-1/2

[Event "Plzen, FSB A"]
[Site "?"]
[Date "2001.??.??"]
[Round "8.24"]
[White "Vinklarek, O."]
[Black "Kozak, M."]
[Result "1/2-1/2"]
[WhiteElo "1885"]
[BlackElo "2226"]
[PlyCount "38"]
[EventDate "2000.??.??"]
[Source "ChessBase"]
[SourceDate "1996.11.15"]

1. e4 e5 2. Nc3 Nf6 3. f4 d5 4. fxe5 Nxe4 5. Nf3 Be7 6. d4 O-O 7. Bd3 f5 8.
exf6 Bxf6 9. O-O Nc6 10. Nxe4 dxe4 11. Bxe4 Nxd4 12. c3 Nxf3+ 13. Bxf3 Qxd1 14.
Rxd1 c6 15. Be3 Be6 16. Rd2 Rfe8 17. Bf2 Bc4 18. Rd7 Re7 19. Rxe7 Bxe7 1/2-1/2

[Event "Plzen, FSB A"]
[Site "?"]
[Date "2001.??.??"]
[Round "8.25"]
[White "Bujnoch, R."]
[Black "Havranek, M."]
[Result "0-1"]
[WhiteElo "2120"]
[BlackElo "2210"]
[PlyCount "120"]
[EventDate "2000.??.??"]
[Source "ChessBase"]
[SourceDate "1996.11.15"]

1. e4 c5 2. Nf3 Nc6 3. d4 cxd4 4. Nxd4 Nf6 5. Nc3 e5 6. Ndb5 d6 7. Bg5 a6 8.
Na3 b5 9. Nd5 Be7 10. Bxf6 Bxf6 11. c3 O-O 12. Nc2 Bg5 13. h4 Bh6 14. g4 Bf4
15. g5 Be6 16. Bg2 Bxd5 17. Qxd5 Ne7 18. Qd3 Qb6 19. Nb4 a5 20. Nd5 Nxd5 21.
Qxd5 b4 22. c4 a4 23. Rd1 b3 24. a3 Rac8 25. Rh3 Rc5 26. Qd3 Qa5+ 27. Qc3 Qc7
28. Bf1 g6 29. Be2 f6 30. gxf6 Rxf6 31. h5 g5 32. Rh1 h6 33. Rg1 Qc6 34. Qd3
Qb6 35. Rg2 Kg7 36. Kf1 Rc7 37. Kg1 Rcf7 38. Rf1 Qd4 39. Qxd4 exd4 40. Rd1 Be5
41. Rd3 Rf4 42. f3 Rh4 43. Rg4 Rf4 44. Rd1 Rxh5 45. Kg2 Rh2+ 46. Kxh2 Rxg4+ 47.
Kh1 Rh4+ 48. Kg1 Rh2 49. Kf1 h5 50. f4 gxf4 51. Rd3 h4 52. Ke1 Kh6 53. Rf3 Rg2
54. Kf1 Rg3 55. Rxg3 fxg3 56. Kg2 d3 57. Bxd3 Bxb2 58. c5 dxc5 59. Bb5 Bxa3 60.
Bxa4 c4 0-1

[Event "Plzen, FSB A"]
[Site "?"]
[Date "2001.??.??"]
[Round "8.26"]
[White "Miskovsky, P."]
[Black "Reitinger, P."]
[Result "1/2-1/2"]
[WhiteElo "2209"]
[BlackElo "2119"]
[PlyCount "23"]
[EventDate "2000.??.??"]
[Source "ChessBase"]
[SourceDate "1996.11.15"]

1. Nf3 g6 2. g3 Bg7 3. Bg2 Nf6 4. O-O O-O 5. d4 d5 6. c4 c6 7. cxd5 cxd5 8. Nc3
Nc6 9. Ne5 e6 10. f4 Bd7 11. e3 Rc8 12. Bd2 1/2-1/2

[Event "Plzen, FSB A"]
[Site "?"]
[Date "2001.??.??"]
[Round "8.29"]
[White "Vladyka, V."]
[Black "Hallerova, E."]
[Result "1/2-1/2"]
[WhiteElo "2057"]
[BlackElo "2151"]
[PlyCount "29"]
[EventDate "2000.??.??"]
[Source "ChessBase"]
[SourceDate "1996.11.15"]

1. e4 Nf6 2. e5 Nd5 3. d4 d6 4. Nf3 Bg4 5. Be2 e6 6. O-O Be7 7. h3 Bh5 8. exd6
Bxd6 9. Ne5 Bxe2 10. Qxe2 Bxe5 11. dxe5 Qe7 12. c4 Nb4 13. a3 N4c6 14. Nc3 Nd7
15. Bf4 1/2-1/2

[Event "Plzen, FSB A"]
[Site "?"]
[Date "2001.??.??"]
[Round "8.30"]
[White "Toman, J."]
[Black "Hlavac, R."]
[Result "1/2-1/2"]
[WhiteElo "1855"]
[BlackElo "2136"]
[PlyCount "57"]
[EventDate "2000.??.??"]
[Source "ChessBase"]
[SourceDate "1996.11.15"]

1. e4 c5 2. Nf3 Nc6 3. d4 cxd4 4. Nxd4 Nf6 5. Nc3 e5 6. Ndb5 d6 7. Bg5 a6 8.
Na3 b5 9. Nd5 Be7 10. Bxf6 Bxf6 11. c3 O-O 12. Nc2 Bg5 13. a4 bxa4 14. Rxa4 a5
15. Bb5 Bb7 16. Nce3 Bxe3 17. Nxe3 Ne7 18. O-O d5 19. exd5 Nxd5 20. Nxd5 Bxd5
21. c4 Bb7 22. Qxd8 Rfxd8 23. c5 Rd5 24. Rc1 Kf8 25. Kf1 Rc8 26. Rac4 Bc6 27.
Bxc6 Rxc6 28. Ke2 Ke7 29. Ke3 1/2-1/2

[Event "Plzen, FSB A"]
[Site "?"]
[Date "2001.??.??"]
[Round "9.1"]
[White "Tolstich, N."]
[Black "Vokac, M."]
[Result "0-1"]
[WhiteElo "2436"]
[BlackElo "2507"]
[PlyCount "188"]
[EventDate "2000.??.??"]
[Source "ChessBase"]
[SourceDate "1996.11.15"]

1. Nf3 g6 2. c4 Bg7 3. d4 c5 4. e4 d6 5. Nc3 Bg4 6. d5 Bxc3+ 7. bxc3 Nd7 8. Be2
Bxf3 9. gxf3 Qa5 10. Qc2 Ngf6 11. O-O O-O-O 12. f4 Rde8 13. Rd1 Nb6 14. a4 Kb8
15. Be3 Na8 16. Rdb1 Qc7 17. Rb3 a6 18. Rab1 Ka7 19. e5 Nd7 20. e6 Nf6 21. f5
Rb8 22. Bf3 g5 23. Qb2 b6 24. a5 h6 25. h4 gxh4 26. Kh1 Rh7 27. Qa3 h5 28. Bg5
Ng4 29. Bxh4 f6 30. Be2 Rhh8 31. axb6+ Rxb6 32. Rxb6 Nxb6 33. Bg3 h4 34. Bf4
Nxf2+ 35. Kg2 Ne4 36. Kf3 Ng3 37. Bxg3 hxg3 38. Ra1 Qb7 39. Kxg3 Rg8+ 40. Kf4
Rg2 41. Ke3 Rh2 42. Qa5 Rh3+ 43. Kf4 Rh4+ 44. Kg3 Re4 45. Kf3 Rh4 46. Kg3 Rh8
47. Bd3 Qc8 48. Kf2 Rh2+ 49. Ke3 Rh3+ 50. Ke4 Qb7 51. Rb1 Rg3 52. Be2 Rg2 53.
Kf3 Rh2 54. Bd3 Qc7 55. Ra1 Qc8 56. Ke3 Qb7 57. Qa3 Rh4 58. Qa2 Rh3+ 59. Ke4
Qc8 60. Qa5 Rh4+ 61. Ke3 Qb7 62. Qb5 Rh1 63. Ra2 Rh3+ 64. Ke4 Rh8 65. Ra1 Rb8
66. Qa5 Qc8 67. Qa2 Na8 68. Kf4 Nc7 69. Qg2 Rb3 70. Qg7 Qb7 71. Ke4 Na8 72. Rh1
Qc7 73. Rh7 Rb7 74. Qf8 Qb8 75. Qg7 Nb6 76. Rh8 Qc7 77. Rh1 Na4 78. Rc1 Qa5 79.
Ke3 Nxc3 80. Qg1 Na2 81. Rb1 Nb4 82. Ra1 Qd8 83. Be4 a5 84. Qd1 Na6 85. Qa4 Qh8
86. Qxa5 Qh6+ 87. Kf3 Rb3+ 88. Kg2 Qh3+ 89. Kf2 Rb2+ 90. Ke1 Qe3+ 91. Kd1 Qg1+
92. Qe1 Qd4+ 93. Kc1 Rb4 94. Ra2 Qxc4+ 0-1

[Event "Plzen, FSB A"]
[Site "?"]
[Date "2001.??.??"]
[Round "9.2"]
[White "Jirka, J."]
[Black "Konopka, M."]
[Result "0-1"]
[WhiteElo "2292"]
[BlackElo "2479"]
[PlyCount "82"]
[EventDate "2000.??.??"]
[Source "ChessBase"]
[SourceDate "1996.11.15"]

1. d4 Nf6 2. c4 g6 3. g3 c6 4. Bg2 d5 5. Nf3 Bg7 6. O-O dxc4 7. Na3 b5 8. Ne5
Nd5 9. b3 cxb3 10. Qxb3 Be6 11. Qb2 O-O 12. Bd2 f6 13. Nd3 Na6 14. e4 Nb6 15.
Nf4 Bf7 16. Rfd1 e5 17. dxe5 fxe5 18. Ne2 Qe7 19. Be3 Rfd8 20. Rxd8+ Rxd8 21.
Qc1 b4 22. Nc2 Nc4 23. Bg5 Bf6 24. Bxf6 Qxf6 25. Ne3 Nxe3 26. Qxe3 c5 27. a3 b3
28. Nc3 Rd4 29. Bf1 c4 30. Nb5 Nc5 31. Rc1 Nd3 32. Rb1 Rd7 33. Nc3 Qd6 34. Bh3
Rd8 35. Qf3 Rf8 36. Nb5 Qc5 37. a4 Bd5 38. Qe3 Qxe3 39. fxe3 Bf7 40. Bf1 Nc5
41. Nc3 Rd8 0-1

[Event "Plzen, FSB A"]
[Site "?"]
[Date "2001.??.??"]
[Round "9.3"]
[White "Gross, D."]
[Black "Cioara, A."]
[Result "1-0"]
[WhiteElo "2465"]
[BlackElo "2403"]
[PlyCount "57"]
[EventDate "2000.??.??"]
[Source "ChessBase"]
[SourceDate "1996.11.15"]

1. e4 e6 2. d4 d5 3. Nc3 Bb4 4. e5 c5 5. a3 Bxc3+ 6. bxc3 Ne7 7. Qg4 O-O 8. Bd3
Nbc6 9. Qh5 Ng6 10. Nh3 Nce7 11. O-O c4 12. Be2 f5 13. exf6 Rxf6 14. Bg5 Rf8
15. Bg4 Qe8 16. Rae1 Nf5 17. Bxf5 Rxf5 18. f4 Qa4 19. g4 Rf7 20. f5 Nf8 21. f6
g6 22. Qh4 Qxc2 23. Re3 e5 24. Rxe5 Qxc3 25. Be3 Ne6 26. Ng5 Nxg5 27. Re8+ Rf8
28. f7+ Kg7 29. Qxg5 1-0

[Event "Plzen, FSB A"]
[Site "?"]
[Date "2001.??.??"]
[Round "9.4"]
[White "Vesselovsky, S."]
[Black "Lechtynsky, J."]
[Result "1/2-1/2"]
[WhiteElo "2405"]
[BlackElo "2422"]
[PlyCount "23"]
[EventDate "2000.??.??"]
[Source "ChessBase"]
[SourceDate "1996.11.15"]

1. e4 e6 2. d4 d5 3. Nc3 Nf6 4. e5 Nfd7 5. f4 c5 6. Nf3 Nc6 7. Be3 a6 8. Qd2 b5
9. dxc5 Bxc5 10. Bxc5 Nxc5 11. Bd3 Qb6 12. Qf2 1/2-1/2

[Event "Plzen, FSB A"]
[Site "?"]
[Date "2001.??.??"]
[Round "9.5"]
[White "Cvek, R."]
[Black "Simacek, P."]
[Result "1/2-1/2"]
[WhiteElo "2411"]
[BlackElo "2404"]
[PlyCount "30"]
[EventDate "2000.??.??"]
[Source "ChessBase"]
[SourceDate "1996.11.15"]

1. e3 e5 2. e4 Nf6 3. Nc3 Bb4 4. Nf3 O-O 5. Nxe5 d5 6. Nd3 Bxc3 7. dxc3 dxe4 8.
Nf4 Qxd1+ 9. Kxd1 Nc6 10. Bd2 Bf5 11. h3 h6 12. Kc1 Rad8 13. b3 Rfe8 14. Bb5
Rd6 15. Bxc6 Rxc6 1/2-1/2

[Event "Plzen, FSB A"]
[Site "?"]
[Date "2001.??.??"]
[Round "9.6"]
[White "Plasgura, P."]
[Black "Chytilek, R."]
[Result "1/2-1/2"]
[WhiteElo "2234"]
[BlackElo "2411"]
[PlyCount "104"]
[EventDate "2000.??.??"]
[Source "ChessBase"]
[SourceDate "1996.11.15"]

1. e4 c6 2. d4 d5 3. e5 c5 4. c3 Nc6 5. f4 Qb6 6. dxc5 Qxc5 7. b4 Qb6 8. Qxd5
Bg4 9. Be2 Nh6 10. Nf3 e6 11. Qb5 Qxb5 12. Bxb5 Bxf3 13. gxf3 a5 14. bxa5 Rxa5
15. a4 Nf5 16. Ba3 Ne3 17. Bxf8 Kxf8 18. Kf2 Nd5 19. Rd1 Ke7 20. Kg3 h5 21. h4
f6 22. f5 Ne3 23. Rd3 Nxf5+ 24. Kf2 Nxe5 25. Rd2 Nxh4 26. f4 Nc6 27. Na3 Raa8
28. Nc4 Rad8 29. Rxd8 Kxd8 30. a5 Kc7 31. Ne3 g5 32. fxg5 fxg5 33. a6 Rf8+ 34.
Ke2 Nf5 35. axb7 Nfd4+ 36. cxd4 Nxd4+ 37. Kd3 Nxb5 38. Ra8 Rb8 39. Rxb8 Kxb8
40. Ke4 Kxb7 41. Ke5 Nc7 42. Nf1 h4 43. Nh2 Kc6 44. Kf6 g4 45. Nxg4 h3 46. Kg5
Nd5 47. Kh4 Nf6 48. Nh2 Kd5 49. Kxh3 Ke4 50. Kg3 Ke3 51. Nf1+ Ke2 52. Kf4 Kxf1
1/2-1/2

[Event "Plzen, FSB A"]
[Site "?"]
[Date "2001.??.??"]
[Round "9.7"]
[White "Balin, J."]
[Black "Freisler, P."]
[Result "0-1"]
[WhiteElo "2212"]
[BlackElo "2350"]
[PlyCount "64"]
[EventDate "2000.??.??"]
[Source "ChessBase"]
[SourceDate "1996.11.15"]

1. d4 Nf6 2. g3 d6 3. Bg2 e5 4. dxe5 dxe5 5. Qxd8+ Kxd8 6. e4 Bc5 7. h3 c6 8.
Nd2 Nbd7 9. Ngf3 Re8 10. O-O a5 11. Re1 a4 12. a3 Kc7 13. b4 axb3 14. cxb3 Re7
15. Bb2 Ne8 16. b4 Ba7 17. Nc4 f6 18. Rac1 Nb6 19. Nxb6 Bxb6 20. Nd2 Be6 21.
Nb1 Nd6 22. Bf1 Rd7 23. Rc2 Bb3 24. Rc3 Ba4 25. Rcc1 Nb5 26. Nc3 Nxc3 27. Bxc3
Bb3 28. Ra1 Bc2 29. b5 Bd3 30. bxc6 bxc6 31. a4 Ba5 32. Rac1 Bxf1 0-1

[Event "Plzen, FSB A"]
[Site "?"]
[Date "2001.??.??"]
[Round "9.8"]
[White "Porat, S."]
[Black "Trickov, V."]
[Result "0-1"]
[WhiteElo "2230"]
[BlackElo "2313"]
[PlyCount "86"]
[EventDate "2000.??.??"]
[Source "ChessBase"]
[SourceDate "1996.11.15"]

1. d4 d5 2. c4 c6 3. Nf3 Nf6 4. e3 e6 5. Bd3 Nbd7 6. Nbd2 Be7 7. O-O O-O 8. e4
dxe4 9. Nxe4 b6 10. b3 Bb7 11. Bb2 c5 12. Qe2 cxd4 13. Nxd4 Nc5 14. Nxc5 Bxc5
15. Rad1 Qc7 16. Nf3 Qf4 17. Be5 Qg4 18. h3 Qh5 19. Bxf6 Bxf3 20. Qxf3 Qxf3 21.
gxf3 gxf6 22. Bc2 f5 23. Rd7 Kg7 24. Rfd1 a5 25. f4 Kf6 26. Kg2 Rg8+ 27. Kf3
Rg6 28. Bd3 Rag8 29. Bf1 Rg1 30. Ke2 Rh1 31. R7d3 Rh2 32. Rf3 Rg1 33. Rd7 h5
34. a4 h4 35. Rd1 Kg6 36. Rd8 Kg7 37. Rd1 Kh6 38. Rd8 Rhh1 39. Rd7 f6 40. Rfd3
Rh2 41. Rf3 Rg3 42. Rxg3 Rxf2+ 43. Kd3 hxg3 0-1